Sonetos del amor y de la muerte

Guardat en:
Dades bibliogràfiques
Autor principal: Castro Saavedra, Carlos
Format: Llibre
Idioma:Undetermined
Publicat: Medellín, Colombia Autores Antioqueños 1959
Matèries:
Etiquetes: Afegir etiqueta
Sense etiquetes, Sigues el primer a etiquetar aquest registre!

MARC

LEADER 00000nam a2200000Ia 4500
008 170316s9999 xx 000 0 und d
040 |a cru BVZT 
090 |a 860 C-29s 
100 |a Castro Saavedra, Carlos 
245 |a Sonetos del amor y de la muerte 
260 |a Medellín, Colombia 
260 |b Autores Antioqueños 
260 |c 1959 
300 |a 130 páginas 
650 |a LITERATURA LATINOAMERICANA 
999 |c 8519  |d 8519 
942 |c 15 D  |h 860 C-29s  |2 z